Comarca del Vallès
Descripción Física:
XXXVIII, 215 p., [20] p. de làm. ; 23 cm
Colección:
Biblioteca d'Estudis Comarcals ; 1
Materias:
Vallès
MARC
| LEADER | 00000nam a2200000Ia 4500 | ||
|---|---|---|---|
| 001 | 10349 | ||
| 008 | 160829s1930 xx 000 0 cat d | ||
| 080 | |a H-1-300 | ||
| 245 | |a Comarca del Vallès | ||
| 260 | |a Barcelona : |b Casa del Vallès, |c 1930 | ||
| 300 | |a XXXVIII, 215 p., [20] p. de làm. ; |c 23 cm | ||
| 490 | |a Biblioteca d'Estudis Comarcals ; 1 | ||
| 590 | |a Hi ha un altre exemplar a 4197, exp. 140 | ||
| 650 | |a Vallès |9 48491 | ||
| 901 | |a Arxiu | ||
| 942 | |n 1 | ||
| 952 | |0 0 |1 0 |4 0 |6 H1300 |7 1 |9 54595 |a Arxiu |b Arxiu |d 2016-12-01 |l 0 |o H-1-300 |p 10349 |r 2016-12-01 00:00:00 |w 2016-12-01 |y ARXIU | ||
| 999 | |c 58464 |d 58464 | ||